000 00260nam a2200109Ia 4500
008 200302s9999 xx 000 0 und d
100 _aDavid Robson
245 _aGeoffrey Bawa the complete works
260 _bThames and Hudson
260 _c2002
300 _a278
999 _c6586
_d6586